000 00682nam a22002177a 4500
003 OSt
005 20251024015200.0
008 251013b |||||||| |||| 00| 0 eng d
020 _a0-7637-4735-1.
040 _aDWCL-Main lib
_cOC
082 _aCirc. 174.2 B989n 2005
100 _aButts, Janie B.
245 _aNursing ethics :
_bacross the curriculum and into practice
260 _aCanada :
_bJones and Bartlett Pub. Canada,
_cc2005.
300 _axvi, 277 p. :
_billustration ;
_c23 cm.
504 _aIncludes bibliographical references and index.
650 _21. Ethics.
650 _22. Nursing ethics.
700 _aRich, Karen L.
942 _2ddc
_cBK-CIRC
_kCirc.
_n0
999 _c4850
_d4850